000 00435nam a2200157Ia 4500
008 181130s2018 xx 000 0 und d
100 _aPlomien, Ania
245 _aUK's membership of the EU: Brexit and the gains, losses and dilemmas for social policy
260 _c2018
300 _ap.259-264.
504 _dApr
650 _aBrexit
650 _aSocial policy - U.K
773 _aSocial Policy and Society
906 _aBrexit
999 _c506808
_d506808